Пагубное воздействие гироскопического эффекта на механизмы методы борьбы; Современные проблемы машиностроения

ग्रंथसूची विवरण
Parent link:Современные проблемы машиностроения.— 2024.— С. 86-87
मुख्य लेखक: Лановский Н. А.
सारांश:Текстовый файл
भाषा:रूसी
प्रकाशित: 2024
विषय:
ऑनलाइन पहुंच:http://earchive.tpu.ru/handle/11683/85238
स्वरूप: इलेक्ट्रोनिक पुस्तक अध्याय
KOHA link:https://koha.lib.tpu.ru/cgi-bin/koha/opac-detail.pl?biblionumber=679186

MARC

LEADER 00000naa2a2200000 4500
001 679186
005 20250410143508.0
090 |a 679186 
100 |a 20250320d2024 k||y0rusy50 ca 
101 0 |a rus 
102 |a RU 
135 |a drbn ---uucaa 
200 1 |a Пагубное воздействие гироскопического эффекта на механизмы методы борьбы  |f Лановский Н. А. 
320 |a Список литературы: 3 назв 
336 |a Текстовый файл 
463 1 |0 679118  |9 679118  |t Современные проблемы машиностроения  |o сборник статей XVII Международной научно-технической конференции, г. Томск, 25–29 ноября 2024 г.  |f Национальный исследовательский Томский политехнический университет (ТПУ) ; ред. кол. А. И. Сечин, М. С. Кухта, Е. Н. Пашков [и др.]  |c Томск  |n Изд-во ТПУ  |d 2024  |u conference_tpu-2024-C45.pdf  |v С. 86-87 
545 1 |a Конструирование, расчет и надежность машин 
610 1 |a труды учёных ТПУ 
610 1 |a электронный ресурс 
610 1 |a гироскопы 
610 1 |a навигация 
610 1 |a гироскопический эффект 
610 1 |a летательные аппараты 
700 1 |a Лановский  |b Н. А. 
801 0 |a RU  |b 63413507  |c 20250320 
850 |a 63413507 
856 4 |u http://earchive.tpu.ru/handle/11683/85238  |z http://earchive.tpu.ru/handle/11683/85238 
942 |c CF